000 00831nam a2200193 i 4500
001 21410
003 ES-MaACL
005 20230906152455.0
007 t|
008 021125s18301831sp ||||1| spa d
080 _a94(460.224 Z.)"1808/14"
100 1 _aAlcaide Ibieca, Agustín.
_919442
245 1 0 _aHistoria de los dos sitios que pusieron a Zaragoza en los años de 1808 y 1809 las tropas de Napoleón /
_cpor el cronista Agustín Alcaide Ibieca.
260 _aMadrid :
_b[s.n.],
_c1830-1 (
_fM. de Burgos)
300 _a3 v. ;
_c22 cm.
505 8 _at. 1-2. [Sin título particular] (355, 364 p.) t. 3. Suplemento a la Historia de los dos sitios que pusieron a Zaragoza en los años 1808 y 1809 las tropas de Napoleón (224 p.)
651 4 _aZaragoza-
_xHistoria-
_y1808-1809, Sitio.
_9142068
852 _aES-MaACL
_jG-2939-41
999 _c21410
_d21410